MECHANICAL VIBRATIONS THEORY & APPLICATIONS (Record no. 33148)
[ view plain ]
| 000 -LEADER | |
|---|---|
| fixed length control field | 00278nam a22001217a 4500 |
| 082 ## - DEWEY DECIMAL CLASSIFICATION NUMBER | |
| Classification number | 620.3 |
| 100 ## - MAIN ENTRY--PERSONAL NAME | |
| Personal name | Singal, R. K. |
| 245 ## - TITLE STATEMENT | |
| Title | MECHANICAL VIBRATIONS THEORY & APPLICATIONS |
| 260 ## - PUBLICATION, DISTRIBUTION, ETC. | |
| Place of publication, distribution, etc. | New DElhi |
| Name of publisher, distributor, etc. | S.K.K |
| Date of publication, distribution, etc. | 2012. |
| 300 ## - PHYSICAL DESCRIPTION | |
| Extent | 418 p. ; |
| 500 ## - GENERAL NOTE | |
| General note | Paperback. |
| 942 ## - ADDED ENTRY ELEMENTS (KOHA) | |
| Koha item type | Book |
| Withdrawn status | Lost status | Source of classification or shelving scheme | Damaged status | Not for loan | Permanent Location | Current Location | Date acquired | Total Checkouts | Full call number | Barcode | Checked out | Date last seen | Date last checked out | Price effective from | Koha item type |
|---|---|---|---|---|---|---|---|---|---|---|---|---|---|---|---|
| School of Mechanical & Manufacturing Engineering (SMME) | School of Mechanical & Manufacturing Engineering (SMME) | 01/01/2016 | 1 | 620.3 SIN | SMME-2324 | 03/13/2026 | 02/11/2026 | 02/11/2026 | 01/01/2016 | Book |
